000 01848cam a22005054i 4500
003 PE-LiUPU
005 20250731173058.0
008 150623s1999 miu rb 000 0 eng d
020 _a0800631552
035 _a(Sirsi) i9780800631550
040 _aPE-LiUPU
_bspa
_cPE-LiUPU
_erda
049 _aPRUA
082 0 4 _a264
_bB17
_221
100 1 _aBalentine, Samuel Eugene,
_eautor.
245 1 4 _aThe Torah's vision of worship /
_cSamuel Eugene Balentine.
264 1 _aMinneapolis, MN :
_bFortress Press,
_c1999.
300 _a264 páginas ;
_c22 centímetros.
336 _atext
_2rdacontent
337 _aunmediated
_2rdamedia
338 _avolume
_2rdacarrier
490 0 _aOvertures to Biblical Theology
504 _aIncluye bibliografía.
505 0 _aThe world that shaped the Tora's vision -- The Tora's vision:_ "you shall be for me a priestly kingdom and a Holy Nation" -- Tjhe vision that shapes "another world to live in".
526 _aSEG42
526 _aSEG41
526 _aSEG40
526 _aSEG39
526 _aP94
526 _aP87
526 _aP86
526 _aP85
526 _aP77
526 _aP76
526 _aP35
630 _aBiblia.
_pA.T.
_pPentateuco
_xCrítica, interpretación, etc.
630 _aBiblia.
_pA.T.
_pPentateuco
_xTEOLOGIA.
650 0 4 _aCulto en la biblia.
650 0 4 _aDios
_xCulto y adoración
_vEnseñanza bíblica.
942 _2ddc
_cBOOK
949 _a264 B17
_wDEWEY
_c1
_i48687
_lCCODEBUL1
_mBUL
_r0
_sY
_tBOOK
_u2015-6-24
_xTEOLOGIA
_PP35
_0COMPRA
_o.STAFF. Colección Teología
994 _aC0
_bPEPRU
596 _a1
999 _a264 B17
_wDEWEY
_c27861
_i48687
_d27861
_e2017-10-23
_f2021-11-10
_g5
_lCCODEBUL1
_mBUL
_n1
_p30.00
_q2
_r0
_sY
_tBOOK
_u2015-6-24
_xTEOLOGIA
_PP35
_0COMPRA
_o.STAFF. Colección Teología
980 _81
_gALBERTO SANCHEZ Responsable de Automatización